Understanding Mulk Raj Anand : (Record no. 145991)

MARC details
000 -LEADER
fixed length control field 00745nam a22002057a 4500
005 - DATE AND TIME OF LATEST TRANSACTION
control field 20180323154302.0
010 ## - LCCN (DPL NO)
LC control number 1718EN-30
020 ## - INTERNATIONAL STANDARD BOOK NUMBER
International Standard Book Number 9788170949916
Terms of availability 795.00
035 ## - SYSTEM CONTROL NUMBER
System control number B-683478-487
037 ## - SOURCE OF ACQUISITION
Source of stock number/acquisition BSB
Stock number dpl
082 ## - DEWEY DECIMAL CLASSIFICATION NUMBER
Classification number 921
100 ## - MAIN ENTRY--PERSONAL NAME
Personal name Verma, K.D.
245 ## - TITLE STATEMENT
Title Understanding Mulk Raj Anand :
Statement of responsibility, etc by K.D. Verma
Remainder of title his mind and art /
260 ## - PUBLICATION, DISTRIBUTION, ETC. (IMPRINT)
Place of publication, distribution, etc New Delhi
Name of publisher, distributor, etc Vision Books
Date of publication, distribution, etc 2017
270 ## - ADDRESS
Address 24 Feroze Gandhi Road, Lajpat Nagar-III,
City New Delhi
Postal code 110024
300 ## - PHYSICAL DESCRIPTION
Extent 260p.
Dimensions 23cm(Hb)
500 ## - GENERAL NOTE
General note Includes index
942 ## - ADDED ENTRY ELEMENTS (KOHA)
Source of classification or shelving scheme Dewey Decimal Classification
Item type English Books
Call number suffix VER
Classification part 921
Holdings
Withdrawn status Lost status Not for loan Collection code Home library Current library Date acquired Source of acquisition Cost, normal purchase price Full call number Barcode Copy number Cost, replacement price Koha item type
      Non-fiction Ashok Vihar Ashok Vihar 23/03/2018 BSB/292/30.11.2017/EN/2017-18/641/20.11.2017/14.12.2017 795.00 921 VER B-683479 1 795.00 English Books
      Non-fiction Bawana Bawana 23/03/2018 BSB/292/30.11.2017/EN/2017-18/641/20.11.2017/14.12.2017 795.00 921 VER B-683487 1 795.00 English Books
      Non-fiction Central Library Central Library 23/03/2018 BSB/292/30.11.2017/EN/2017-18/641/20.11.2017/14.12.2017 795.00 921 VER B-683478 1 795.00 English Books
      Non-fiction Janak Puri Janak Puri 23/03/2018 BSB/292/30.11.2017/EN/2017-18/641/20.11.2017/14.12.2017 795.00 921 VER B-683484 1 795.00 English Books
      Non-fiction Kasturba Gandhi Marg Kasturba Gandhi Marg 23/03/2018 BSB/292/30.11.2017/EN/2017-18/641/20.11.2017/14.12.2017 795.00 921 VER B-683481 1 795.00 English Books
      Non-fiction Narela Narela 23/03/2018 BSB/292/30.11.2017/EN/2017-18/641/20.11.2017/14.12.2017 795.00 921 VER B-683486 1 795.00 English Books
      Non-fiction Patel Nagar Patel Nagar 23/03/2018 BSB/292/30.11.2017/EN/2017-18/641/20.11.2017/14.12.2017 795.00 921 VER B-683480 1 795.00 English Books
      Non-fiction Peshwa Road Peshwa Road 23/03/2018 BSB/292/30.11.2017/EN/2017-18/641/20.11.2017/14.12.2017 795.00 921 VER B-683482 1 795.00 English Books
      Non-fiction Sarojini Nagar Sarojini Nagar 23/03/2018 BSB/292/30.11.2017/EN/2017-18/641/20.11.2017/14.12.2017 795.00 921 VER B-683485 1 795.00 English Books
      Non-fiction Tri Nagar Tri Nagar 23/03/2018 BSB/292/30.11.2017/EN/2017-18/641/20.11.2017/14.12.2017 795.00 921 VER B-683483 1 795.00 English Books

© Delhi Public Library
Hit Counter
free hit counter